LEADER 01839nam 2200409 450 001 996574694903316 005 20231211115049.0 010 $a1-5044-0665-6 024 70$a10.1109/IEEESTD.1984.81711 035 $a(CKB)5280000000208133 035 $a(NjHacI)995280000000208133 035 $a(EXLCZ)995280000000208133 100 $a20231211d1984 uy 0 101 0 $aeng 135 $aur||||||||||| 181 $ctxt$2rdacontent 182 $cc$2rdamedia 183 $acr$2rdacarrier 200 10$a251-1984 - IEEE Guide $eTest Procedures for Direct-Current Tachometer Generators /$fIEEE Rotating Machinery Committee, American National Standards Institute 210 1$aNew York, N.Y. :$cIEEE,$d1984. 215 $a1 online resource (15 pages) 330 $aThis test procedure covers instructions for conducting and reporting the more generally applicable and acceptable tests to determine the performance characteristics of direct-current tachometer generators. Direct-current tachometer generators are used for a variety of indicating and control purposes and a characteristic of primary importance in one application may be of little or no importance in another. This procedure shall not be interpreted or construed as requiring the making of all or any of the tests herein in any given transaction. 517 $a251-1984 - IEEE Guide 606 $aElectric generators$xDirect current 606 $aTachometer 606 $aElectric generators$xTesting 615 0$aElectric generators$xDirect current. 615 0$aTachometer. 615 0$aElectric generators$xTesting. 676 $a621.313 712 02$aAmerican National Standards Institute, 801 0$bNjHacI 801 1$bNjHacl 906 $aDOCUMENT 912 $a996574694903316 996 $a251-1984 - IEEE Guide$93654400 997 $aUNISA LEADER 02283nam0 2200481 i 450 001 VAN00114506 005 20250326103833.344 017 70$2N$a978-94-6239-192-5 100 $a20180206d2016 |0itac50 ba 101 $aeng 102 $aNL 105 $a|||| ||||| 200 1 $aCartan geometries and their symmetries$ea Lie algebroid approach$fMike Crampin, David Saunders 210 $a[Amsterdam]$cAtlantis$d2016 215 $aXIV, 290 p.$d24 cm 410 1$1001VAN00114040$12001 $aAtlantis studies in variational geometry$1210 $aParis [etc.]$cAtlantis$v4 500 1$3VAN00242011$aCartan geometries and their symmetries$91523209 606 $a22A22$xTopological groupoids (including differentiable and Lie groupoids) [MSC 2020]$3VANC033904$2MF 606 $a53-XX$xDifferential geometry [MSC 2020]$3VANC019813$2MF 606 $a53A20$xProjective differential geometry [MSC 2020]$3VANC019814$2MF 606 $a53B15$xOther connections [MSC 2020]$3VANC033903$2MF 606 $a53C05$xConnections, general theory [MSC 2020]$3VANC024061$2MF 606 $a53C10$xG-structures [MSC 2020]$3VANC024090$2MF 606 $a53D17$xPoisson manifolds; Poisson groupoids and algebroids [MSC 2020]$3VANC019815$2MF 606 $a58H05$xPseudogroups and differentiable groupoids [MSC 2020]$3VANC024118$2MF 610 $aCartan Geometry$9KW:K 610 $aDifferential geometry$9KW:K 610 $aInfinitesimal Symmetry$9KW:K 610 $aLie Algebras$9KW:K 610 $aLie groupoids$9KW:K 620 $dAmsterdam$3VANL001716 700 1$aCrampin$bMichael$3VANV043527$0726053 701 1$aSaunders$bDavid$3VANV088595$0253258 712 $aAtlantis $3VANV113618$4650 790 1$aCrampin, Mike$zCrampin, Michael$3VANV088594 801 $aIT$bSOL$c20260130$gRICA 856 4 $uhttp://dx.doi.org/10.2991/978-94-6239-192-5$zE-book ? Accesso al full-text attraverso riconoscimento IP di Ateneo, proxy e/o Shibboleth 899 $aBIBLIOTECA CENTRO DI SERVIZIO SBA$2VAN15 912 $fN 912 $aVAN00114506 950 $aBIBLIOTECA CENTRO DI SERVIZIO SBA$d15CONS SBA EBOOK 2167 $e15EB 2167 20180206 996 $aCartan geometries and their symmetries$91523209 997 $aUNICAMPANIA